Central Library OPAC University of Rajshahi

Oriental essays : (Record no. 1645)

MARC details
000 -LEADER
fixed length control field 00855nam a22002171i 4500
001 - CONTROL NUMBER
control field 1645
003 - CONTROL NUMBER IDENTIFIER
rucl marc code BD-RjUL
005 - DATE AND TIME OF LATEST TRANSACTION
control field 20211208233358.0
008 - FIXED-LENGTH DATA ELEMENTS--GENERAL INFORMATION
fixed length control field 131208s1960 enk 00110 eng d
035 ## - SYSTEM CONTROL NUMBER
System control number (BD-RjUL)1672
040 ## - CATALOGING SOURCE
Original cataloging agency LC
Language of cataloging eng
Transcribing agency DLC
Modifying agency BD-RjUL
041 ## - LANGUAGE CODE
Language code of text/sound track or separate title eng
082 04 - DEWEY DECIMAL CLASSIFICATION NUMBER
Edition number 19
Author mark and year ARO 1960
Classification number 297
100 1# - MAIN ENTRY--PERSONAL NAME
Personal name Arberry, A. J.
Fuller form of name (Arthur John),
Dates associated with a name 1905-1969.
9 (RLIN) 5438
245 10 - TITLE STATEMENT
Title Oriental essays :
Remainder of title portraits of seven scholars /
Statement of responsibility, etc. A. J. Arberry
260 0# - PUBLICATION, DISTRIBUTION, ETC. (IMPRINT)
Place of publication, distribution, etc. London :
Name of publisher, distributor, etc. Allen & Unwin,
Date of publication, distribution, etc. c1960.
300 ## - PHYSICAL DESCRIPTION
Pagination 1 v.261 p.;
Size 22cm.
505 0# - FORMATTED CONTENTS NOTE
Formatted contents note - The pioneer, Simon Ockley. - The founder, William Jones. - The lexicographer, Edward William Lane. - The linguist, Edward Henry Palmer. - The Persian, Edward Granville Browne. - The dervish, Reynold Alleyne Nicholson. - The disciple A. J. Arberry.
650 #0 - SUBJECT ADDED ENTRY--TOPICAL TERM
Topical term or geographic name as entry element Scholars, British.
9 (RLIN) 5439
942 ## - ADDED ENTRY ELEMENTS (KOHA)
Source of classification or shelving scheme Dewey Decimal Classification
Koha item type Books
Holdings
Lost status Source of classification or shelving scheme Damaged status Not for loan Collection code Permanent Location Current Location Shelving location Date acquired Source of acquisition Cost, normal purchase price Total Checkouts Full call number Date last seen Copy number Koha item type Date checked out
  Dewey Decimal Classification     Non-fiction Central Library, University of Rajshahi Central Library, University of Rajshahi   23/09/1968 Zeitlinger 28.00   297 ARO 1960 08/12/2013 C-2 Books  
  Dewey Decimal Classification   Not For Loan Non-fiction Central Library, University of Rajshahi Central Library, University of Rajshahi Reading Room 23/09/1968 Zeitlinger 28.00   297 ARO 1960 26/04/2014 C-1 Books  
  Dewey Decimal Classification     Non-fiction Central Library, University of Rajshahi Central Library, University of Rajshahi   23/09/1968 Zeitlinger 30.80 1 297 ARO 1960 27/01/2019 C-3 Books 17/12/2018